Rory Gallagher Discography - Statistics

General Stats
  • This quiz has been taken 31 times
  • The average score is 14 of 52
Answer Stats
Type Year Name % Correct
Live Album 1974 Irish Tour '74
77%
Video Album 2000 Irish Tour '74
77%
Album 1973 Tattoo
77%
Album 1971 Rory Gallagher
73%
Album 1971 Deuce
68%
Album 1973 Blueprint
64%
Live Album 1972 Live in Europe
64%
Taste Album 1970 On the Boards
64%
Album 1987 Defender
55%
Album 1976 Calling Card
50%
Taste Album 1969 Taste
50%
Album 1975 Against the Grain
45%
Album 1982 Jinx
45%
Live Album 1980 Stage Struck
45%
Album 1979 Top Priority
45%
Album 1990 Fresh Evidence
41%
Taste Live Album 1971 Live Taste
41%
Album 1978 Photo-Finish
41%
Compilation 2005 Big Guns: The Very Best of Rory Gallagher
27%
Posthumous Live Album 2006 Live at Montreux
27%
Video Album 2006 Live at Montreux
27%
Taste Live Album 1971 Live at the Isle of Wight
27%
Taste Compilation 1994 The Best of Taste
27%
Compilation 1995 A Blue Day for the Blues
23%
Compilation 2009 Crest of a Wave: The Best of Rory Gallagher
23%
Compilation 2003 Wheels Within Wheels
23%
Posthumous Live Album 2011 Notes from San Francisco
18%
Taste Album 1972 Taste First
18%
Compilation 1992 Etched in Blue
14%
Video Album 2007 Live at Rockpalast (5 Concerts 1976-1990)
14%
Video Album 2006 Live in Cork
14%
Taste Album 1969 London Invasion
14%
Posthumous Live Album 2003 Meeting with the G-Man
14%
Double Package 1975 Sinner... and Saint
14%
Compilation 1974 The Story So Far
14%
Video Album 2010 Ghost Blues
9%
Video Album 2006 Live at Cork Opera House
9%
Compilation 2008 The Essential Rory Gallagher
9%
Video Album 2003 The Old Grey Whistle Test: Vol. 1
9%
Compilation 1999 BBC Sessions
5%
Compilation 1995 Last of the Independents
5%
Box Set 2001 Let's Go To Work
5%
Box Set 2008 Original Album Classics
5%
Video Album 2007 Shadow Play (5 Concerts 1976-1990)
5%
Box Set 1992 The G-Man Bootleg Series Vol. 1
5%
Video Album 2004 At Rockpalast
0%
Video Album 1995 Message to Love
0%
Video Album 2005 Songs & Stories: New York Remembers Rory Gallagher
0%
Compilation 1976 Take It Easy Baby
0%
Compilation 2010 The Beat Club Sessions
0%
Video Album 2005 The Complete Rockpalast Collection
0%
Compilation 2012 The Rory Gallagher Collection
0%
No matching quizzes found
Score Distribution
Percent of People with Each Score
Percentile by Number Answered
Your Score History
You have not taken this quiz